| 000 | 00828nam a2200265 a 4500 | ||
|---|---|---|---|
| 001 | 1120 | ||
| 003 | BR-CuiBMT | ||
| 005 | 20231129010529.0 | ||
| 008 | 230804s2012 rjb 001 0 por d | ||
| 020 | _a9788535250763 | ||
| 040 |
_aBR-CuiBMT _cBR-CuiBMT |
||
| 080 |
_a330 _22007 _x(09) |
||
| 090 |
_a330(09) _bP762g _c2. ed. |
||
| 100 | 1 |
_aPolanyi, Karl _d1886-1964 |
|
| 240 |
_aThe great transformation. _lPortuguês |
||
| 245 | 1 | 2 |
_aA grande transformação : _bas origens da nossa época / _cKarl Polanyi ; Tradução de Fanny Wrobel. |
| 250 | _a2. ed. | ||
| 260 |
_aRio de Janeiro : _bElsevier : _bCampus, _c2012. |
||
| 300 |
_a342 p. ; _c23 cm |
||
| 504 | _aInclui bibliografia e índice. | ||
| 650 |
_aEconomia _xHistória |
||
| 650 |
_aMudança social _xHistória |
||
| 700 | 1 |
_aWrobel, Fanny _4Trad. |
|
| 942 |
_2udc _cLV |
||
| 999 |
_c1120 _d1120 |
||